Joji - WHY AM I STILL IN LA - Lyrics - Statistics

General Stats
  • This quiz has been taken 5 times
  • The average score is 165 of 171
Answer Stats
Hint Answer % Correct
a
100%
A
100%
airtight
100%
all
100%
ask
100%
breath
100%
Can't
100%
can't
100%
choke
100%
don't
100%
eyes
100%
fail
100%
fair
100%
feel
100%
fight?
100%
fine
100%
for
100%
forever
100%
Verse 1 Girl
100%
I
100%
in
100%
keep
100%
L.A
100%
L.A.
100%
let
100%
lie,
100%
life
100%
like
100%
Like
100%
live
100%
me
100%
mind
100%
mind,
100%
mine
100%
more,
100%
my
100%
never
100%
no
100%
not
100%
now
100%
now,
100%
on
100%
Only
100%
promise
100%
red
100%
right
100%
right,
100%
sitting
100%
sleep
100%
Sleep
100%
that
100%
Then
100%
think
100%
tight,
100%
to
100%
Until
100%
wanna
100%
we
100%
weep
100%
were
100%
when
100%
When
100%
why?
100%
Will
100%
will
100%
win
100%
you
100%
you'll
100%
your
100%
You're
100%
Ziploc
100%
back
67%
cool
67%
die
67%
Verse 2 Falling
67%
gal
67%
Got
67%
old
67%
they
67%
Both
33%
dying
33%
last
33%
lied
0%
No matching quizzes found
Score Distribution
Percent of People with Each Score
Percentile by Number Answered
Your Score History
You have not taken this quiz